Pharaohs of Ancient Egypt - Statistics

General Stats
  • This quiz has been taken 869 times
  • The average score is 47 of 183
Answer Stats
Reign Pharaoh % Correct
116-107 Cleopatra III & Ptolemy IX Soter II Lathyros
91%
107-88 Cleopatra III & Ptolemy X Alexander I
91%
c. 1292-c. 1291 Ramses I
90%
c. 1279-c. 1213 Ramses II
90%
c. 1187-c. 1157 Ramses III
90%
c. 1156-c. 1150 Ramses IV
90%
c. 1129-c. 1111 Ramses IX
90%
c. 1149-c. 1146 Ramses V
90%
c. 1145-c. 1139 Ramses VI
90%
c. 1138-c. 1131 Ramses VII
90%
c. 1130 Ramses VIII
90%
c. 1110-c. 1107 Ramses X
90%
c. 1106-c. 1077 Ramses XI
90%
51-30 Cleopatra VII Thea Philopator
89%
c. 1333-c. 1324 Tutankhamun
89%
80 Ptolemy XI Alexander II
72%
44-30 Ptolemy XV Caesar
69%
246-221 Ptolemy III Euergetes I
68%
285-246 Ptolemy II Philadelphus
68%
305-282 Ptolemy I Soter I
68%
221-205 Ptolemy IV Philopator
68%
88-81 Ptolemy IX Soter II
68%
205-180 Ptolemy V Epiphanes
68%
170-163, 145-116 Ptolemy VIII Euergetes II Physcon
68%
180-164, 163-145 Ptolemy VI Philometor
68%
80-58, 55-51 Ptolemy XII Auletes
68%
51-47 Ptolemy XIII Theos Philopator
68%
47-44 Ptolemy XIV Theos Philopator
68%
c. 1353-c. 1336 Amenhotep IV/Akhenaten
57%
316-305 Alexander IV
54%
332-323 Alexander the Great
54%
c. 2509-c. 2483 Khufu
53%
c. 2870-c. 2823 Djer
52%
c. 1514-c. 1494 Amenhotep I
47%
c. 1425-c. 1400 Amenhotep II
47%
c. 1390-c. 1353 Amenhotep III
47%
c. 1479-c. 1458 Hatshepsut
42%
c. 2900-? Narmer
39%
c. 1493-c. 1483 Thutmose I
38%
c. 1482-c. 1480 Thutmose II
38%
c. 1479-c. 1425 Thutmose III
38%
c. 1400-c. 1390 Thutmose IV
38%
c. 2592-c. 2566 Djoser
37%
c. 1290-c. 1279 Seti I
33%
c. 1202-c. 1198 Seti II
33%
486-466 Xerxes I
33%
521-486 Darius I
32%
424-404 Darius II
32%
335-332 Darius III Codoman
32%
c. 2472-c. 2448 Khafre
32%
c. 1684-c. 1661 Aya
24%
c. 1323-c. 1320 Itnetjer Ay
24%
c. 2447-c. 2442 Menkaure
24%
c. 1737-c. 1733 Sobekhotep II
23%
c. 1725-c. 1722 Sobekhotep III
23%
c. 1709-c. 1701 Sobekhotep IV
23%
c. 1700-c. 1695 Sobekhotep V
23%
c. 2119-c. 2118 Neferirkare
22%
c. 2276-c. 2228 Pepi I
22%
c. 2216-c. 2153 Pepi II
22%
c. 943-c. 923 Sheshonk I
21%
c. 873 Sheshonk II
21%
c. 841-c. 803 Sheshonk III
21%
?-c. 790 Sheshonk IIIa
21%
c. 783-c. 746 Sheshonk V
21%
c. 1539-c. 1515 Ahmose I
20%
570-526 Amasis
20%
338-336 Arses
20%
465-424 Artaxerxes I
20%
343-338 Artaxerxes III Ochus
20%
c. 2543-c. 2510 Snefru
20%
?-c. 2870 Aha
19%
c. 1319-c. 1292 Horemheb
19%
323-316 Philip III
19%
c. 2080-? Mentuhotep I
16%
c. 2009-c. 1959 Mentuhotep II
16%
c. 1958-c. 1947 Mentuhotep III
16%
c. 1947-c. 1940 Mentuhotep IV
16%
c. 1213-c. 1203 Merneptah
16%
c. 1837-c. 1819 Sesostris (Senwosret) III
16%
c. 1197-c. 1193 Siptah
16%
c. 1939-c. 1910 Amenemhet I
15%
c. 1878-c. 1843 Amenemhet II
15%
c. 1818-c. 1773 Amenemhet III
15%
c. 1772-c. 1764 Amenemhet IV
15%
c. 1753-c. 1748 Amenemhet VII
15%
81-80 Berenice III
15%
58-55 Berenice IV
15%
525-522 Cambyses II
15%
c. 1920-c. 1875 Sesostris (Senwosret) I
15%
c. 1845-c. 1837 Sesostris (Senwosret) II
15%
c. 2814-c. 2772 Den
14%
? Petubaste II
14%
c. 2482-c. 2475 Redjedef
14%
c. 2305-c. 2279 Teti
13%
?-c. 2554 Huni
12%
?-c. 2067 Inyotef I
12%
c. 2066-c. 2017 Inyotef II
12%
c. 2016-c. 2009 Inyotef III
12%
? Inyotef V
12%
?-c. 1540 Kamose
12%
c. 992-c. 987 Osorkon
12%
c. 922-c. 888 Osorkon I
12%
c. 872-c. 842 Osorkon II
12%
Early 8th century Osorkon III
12%
c. 730 Osorkon IV
12%
c. 2755-c. 2732 Qa'a
12%
c. 1336-c. 1334 Smenkhkare
12%
690-664 Taharqa
12%
c. 1575-c. 1540 Apopis
11%
c. 2610-c. 2593 Khasekhemwy
11%
610-595 Necho II
11%
380-362 Nectanebo I
11%
360-343 Nectanebo II
11%
c. 1334-c. 1333 Neferneferuaten
11%
664-610 Psamtik I
11%
595-589 Psamtik II
11%
526-525 Psamtik III
11%
?-c. 2700 Re'neb
11%
c. 2428-c. 2416 Sahure
11%
c. 1763-c. 1760 Sebeknefru
11%
c. 722-c. 707 Shabaka
11%
? Ta'o I
11%
c. 2730-? Hetepsekhemwy
10%
c. 753-c. 723 Piye
10%
c. 2763-c. 2756 Semerkhet
10%
? Ta'o II
10%
c. 1192-c. 1191 Tausert
10%
c. 2321-c. 2306 Unas
10%
c. 2435-c. 2429 Userkaf
10%
c. 2771-c. 2764 'Adjib/Anedjib
9%
c. 2474-c. 2473 Bikheris
9%
c. 2365-c. 2322 Djedkare Izezi
9%
c. 2373-2366 Menkauhor
9%
? Nebka
9%
c. 1721-c. 1710 Neferhotep I
9%
c. 2152 Nemtyemzaef II
9%
c. 2227-c. 2217 Nemtyemzaef Merenre
9%
c. 706-690 Shebitku
9%
c. 2441-c. 2436 Shepseskaf
9%
c. 1002-c. 993 Amenemope
8%
? Khamudi
8%
? Khian
8%
c. 2402-c. 2374 Neuserre Ini
8%
c. 1051-c. 1006 Psusennes I
8%
c. 967-c. 944 Psusennes II
8%
c. 1076-c. 1052 Smendes
8%
664-c. 655 Tantamani
8%
c. 1005-c. 1002 Amenemnisut
7%
c. 2415-c. 2405 Neferirkare Kakai
7%
c. 2122-c. 2120 Neferkauhor
7%
c. 2700-c. 2660 Nynetjer
7%
c. 2660-c. 2650 Peribsen
7%
c. 2822-c. 2815 'Serpent'
7%
c. 1190-c. 1188 Sethnakht
7%
c. 887-c. 874 Takelot I
7%
c. 845-c. 821 Takelot II
7%
Early 8th century Takelot III
7%
c. 1202-c. 1200 Amenmesses
6%
c. 1732-c. 1728 Khendjer
6%
c. 2126-c. 2123 Neferkaure
6%
365-360 Tachos
6%
c. 2279-c. 2276 Userkare
6%
c. 1759-c. 1757 Wegaf
6%
393-380 Achoris
5%
c. 728-c. 723 Bocchoris
5%
c. 820-c. 809 Iuput I
5%
c. 2559-? Kha'ba
5%
c. 2404 Renereref/Neferefre
5%
c. 2565-c. 2559 Sekhemkhet
5%
589-570 Apries
4%
399-393 Nepherites
4%
380 Nepherites II
4%
c. 2650-? Sekhemib
4%
c. 986-c. 968 Siamun
4%
c. 736-c. 729 Tefnakhte
4%
404-399 Amyrtaeus
3%
c. 1695-c. 1685 Ibiau
3%
c. 1660-c. 1659 Ini
3%
c. 789-c. 784 Pami
3%
?-c. 2610 Sened
3%
c. 2403 Shepseskare Izi
3%
393 Psammuthis
2%
No matching quizzes found
Score Distribution
Percent of People with Each Score
Percentile by Number Answered
Your Score History
You have not taken this quiz